000 003650000a22001450004500
020 _a84-8280-030-2
041 0 _aSPA
082 0 4 _aG 863 G215f
100 1 _aGarcía Márquez, Gabriel (1928-)
245 1 0 _aLos funerales de mamá grande / Gabriel García Márquez
260 _aBogotá, Colombia : Oveja Negra
300 _a155 Pag
001 11467
942 _cBK
999 _c40761
_d40761